000 00473nam a2200097Ia 4500
008 180130s9999 xx 000 0 und d
245 _cChang, Shih-Ming; Chang, Hon-Hang; Yen, Shwu-Huey; Shih, Timothy K.
_aPanoramic human structure maintenance based on invariant features of video frames
260 _c2016
300 _aBook title: Human-computer interaction : design, developments and applications--Acession number C20741; pages 14-31
650 _aHUMAN-COMPUTER INTERACTION
999 _c354369
_d354369